| 000 | 00593nam a2200229Ia 4500 | ||
|---|---|---|---|
| 005 | 20250425162710.0 | ||
| 008 | 250425s9999 xx 000 0 und d | ||
| 020 | _a8400080106 | ||
| 041 | _aeng | ||
| 082 | _a711 | ||
| 100 | _aALIQUE, ANGEL | ||
| 245 | 0 | _aSUSTAINING DEVELOPMENT AND URBANIZATION FROM KNOWLEDGE TO ACTION | |
| 250 | _aS.E | ||
| 260 |
_aEstados Unidos _bALCUE _c2002 |
||
| 260 | _aNEW YORK | ||
| 300 | _a207 | ||
| 650 | _aURBANIZACIONES CERRADAS | ||
| 700 | _aHABER GUERRA, RODOLFO ELIAS | ||
| 700 | _aPERES FERREIRA, CLODEINIR | ||
| 942 | _c01 | ||
| 010 | _a97393 | ||
| 999 |
_c234604 _d234604 |
||